000 00585nam a22002057a 4500
003 UA-OsUOA
001 43403
007 ta
008 20090624b un ||||| |||| 00| 0 ukr d
090 _a09.-059
_bН30
942 _cBK
040 _aUA-OsUOA
_bukr
_cUA-OsUOA
_dUA-OsUOA
245 _aНародний ілюстрований календар канадійського фармера
_bНа рік звичайний 1949
955 _a4
041 _aukr
080 _a09.-059
260 _aВінніпег
650 7 _a0 Загальний відділ.
_2UDC
999 _c441881
_d441881